00593 2200193 4500001002100000005001500021035002000036007000300056008003900059082001500098084002100113100001500134245012600149260003700275300004000312650001100352650002300363022001300386INLIS00000000000133420250523074411 a0010-0525000016ta250523 | | |  a636.3-5981 a636.3-5981 GIN c0 aGinting, A1 aContribution of coffee farming and goat livestock based integration in Karo regency, north Sumatra province /cGinting, A aBristol :bIOP Publishing,c2025 a1-6 hlm, :bIlus ;c21 cm x 29,7 cm 4aJurnal 4aPeternakan Kambing a17551315